| 000 | 00499nam a2200217Ia 4500 | ||
|---|---|---|---|
| 008 | 170918s9999 xx 000 0 und d | ||
| 020 | _a9780545443432 | ||
| 050 | _bB478d 2005 | ||
| 100 | _aBenton, Jim | ||
| 245 | _aNever do anything, ever / | ||
| 245 | _cby Jim Benton. | ||
| 260 | _aNew York : | ||
| 260 | _bScholastic, | ||
| 260 | _c2005 | ||
| 300 | _a132 pages : | ||
| 300 | _billustrations ; | ||
| 300 | _c19cm. | ||
| 300 | _eDear dumb diary ; | ||
| 440 | _a4 | ||
| 500 | _a1010 | ||
| 999 |
_c344277 _d344277 |
||